Score 0/30 Timer 05:00
0 Plays Today
Rank Country % Correct
1United States of America
100%
2China
98.9%
5Germany
97.8%
3Japan
97.4%
7United Kingdom
97.4%
8France
97%
6Russia
96.3%
4India
95.9%
14Canada
95.3%
9Brazil
95%
18Australia
94.8%
10Italy
93.8%
12Spain
93.5%
11Mexico
93.1%
23Argentina
88.4%
Rank Country % Correct
25South Africa
87.5%
22Saudi Arabia
86%
13South Korea
83.6%
17Iran
83%
15Indonesia
82.3%
16Turkey
80.2%
26Egypt
79.3%
21Poland
77.6%
27Pakistan
74.1%
20The Netherlands
72.2%
24Thailand
66.8%
29Belgium
63.6%
28Colombia
62.9%
19Taiwan
61.2%
30Malaysia
56.7%
Remove Ads.
Support Sporcle.
Get the best of Sporcle when you Go Orange. This ad-free experience offers more features, more stats, and more fun while also helping to support Sporcle. Thank you for becoming a member.

You're not logged in!

Compare scores with friends on all Sporcle quizzes.
OR
Log In

Show Comments

Extras

Top Quizzes Today


Score Distribution

Your Account Isn't Verified!

In order to create a playlist on Sporcle, you need to verify the email address you used during registration. Go to your Sporcle Settings to finish the process.

Report this User

Report this user for behavior that violates our Community Guidelines.

Details: